| 000 | 01009 a2200193 4500 | ||
|---|---|---|---|
| 003 | Nust | ||
| 005 | 20221017111749.0 | ||
| 020 | _a0023071702 | ||
| 040 | _cNust | ||
| 082 | _a620,BEA | ||
| 100 | _aBeakley, George C. | ||
| 245 |
_aCareers in engineering and technology / _cGeorge C. Beakley |
||
| 250 | _a2nd ed. | ||
| 260 |
_aNew York _bMacmillan _cc1979. |
||
| 300 | _a353 p. | ||
| 505 | _aEngineering (Page-3), The Technological Team (Page-22), The Spectrum of Engineering Work Opportunities (Page-33), Career Fields in Engineering and Technology (Page-50), Professional Responsibilities (Page-71), Developing Study Habits (Page-80), Spoken and Written Comm. (Page-96), Technical Sketching (Page-111), Presentation of Technical Calculations (Page-159), The Metric and other Unit Systems (Page-174), Statistics and Graphical Analysis (Page-193), Engineering Analysis (Page-221), The Engineering Design Process (Page-301). | ||
| 650 |
_aEngineering -- Vocational guidance. _961817 |
||
| 942 |
_2ddc _cBK |
||
| 999 |
_c194234 _d194234 |
||